000 00310nam a22001337a 4500
008 170321b xxu||||| |||| 00| 0 eng d
020 _a1567000290
041 _aeng
080 _a616.12-008-073
100 _a7
101 _aSHM
245 _aHEMODYNAMIC BASIS OF ATHEROSCLEROSIS
_cTEXON, M
942 _2udc
_cBK
999 _c8272
_d8272